Top 10 Most Important Crops in the World - Statistics

General Stats
  • This quiz has been taken 648 times
  • The average score is 5 of 10
Answer Stats
Hint Answer % Correct
2 Wheat
96%
1 Corn
93%
3 Rice
91%
4 Potatoes
77%
6 Soybeans
58%
9 Yams
33%
8 Sorghum
26%
7 Sweet Potatoes
25%
5 Cassava
22%
10 Plantains
13%
No matching quizzes found
Score Distribution
Percent of People with Each Score
Percentile by Number Answered
Your Score History
You have not taken this quiz